[Event "BCF-chTa 1920 (4NCL)"]
[Site "Daventry"]
[Date "2020.02.09"]
[Round "6.33"]
[White "Bukojemski, Adam"]
[Black "Colovic, Aleksandar"]
[Result "1/2-1/2"]
[WhiteElo "2217"]
[BlackElo "2443"]
[PlyCount "85"]
[EventDate "2019.11.09"]
[EventType "team-tourn"]
[EventRounds "11"]
[EventCountry "ENG"]
[SourceTitle "CBM 194 Extra"]
[Source "ChessBase"]
[SourceDate "2020.03.31"]
[SourceVersion "1"]
[SourceVersionDate "2020.03.31"]
[SourceQuality "1"]
[WhiteTeam "Cambridge University"]
[BlackTeam "3CS Oldham"]
[WhiteTeamCountry "ENG"]
[BlackTeamCountry "ENG"]

1. e4 c5 2. Nf3 d6 3. d4 cxd4 4. Qxd4 Nc6 5. Qe3 Nf6 6. h3 e6 7. c4 Be7 8. Nc3 0-0 9. Be2 b6 10. 0-0 Bb7 11. Rd1 Qc7 12. Bd2 a6 13. Rac1 Ne5 14. Nd4 Rac8 15. f4 Ned7 16. Bf3 Qb8 17. b3 Ne5 18. Na4 Nxf3+ 19. gxf3 Nd7 20. Bb4 Rfe8 21. f5 Bf6 22. fxe6 fxe6 23. Ne2 d5 24. Be1 b5 25. Bg3 Qa8 26. cxb5 Rxc1 27. Rxc1 dxe4 28. bxa6 Bd5 29. a7 exf3 30. Rc7 fxe2 31. Rxd7 Qc6 32. Nb6 Bh1 33. Qxe2 Qxb6+ 34. Kxh1 Qc6+ 35. Qg2 Qxd7 36. Bb8 Qd1+ 37. Kh2 Qe1 38. a8Q Be5+ 39. Bxe5 Qxe5+ 40. Kg1 Qe1+ 41. Kh2 Qe5+ 42. Kh1 Qe1+ 43. Kh2 1/2-1/2

[Event "Warsaw Przepiorka Memorial"]
[Site "Warsaw"]
[Date "2019.12.29"]
[Round "6"]
[White "Bukojemski, Adam"]
[Black "Licznerski, Lukasz"]
[Result "0-1"]
[WhiteElo "2219"]
[BlackElo "2373"]
[PlyCount "118"]
[EventDate "2019.12.27"]
[EventType "swiss"]
[EventRounds "9"]
[EventCountry "POL"]
[SourceTitle "CBM 194 Extra"]
[Source "ChessBase"]
[SourceDate "2020.03.31"]
[SourceVersion "1"]
[SourceVersionDate "2020.03.31"]
[SourceQuality "1"]

1. e4 c6 2. d4 d5 3. Nd2 dxe4 4. Nxe4 Nd7 5. Ng5 Ngf6 6. Bd3 e6 7. N1f3 Bd6 8. Qe2 h6 9. Ne4 Nxe4 10. Qxe4 Nf6 11. Qe2 b6 12. Bd2 Bb7 13. Ne5 Qc7 14. 0-0-0 0-0-0 15. Ba6 Bxa6 16. Qxa6+ Kb8 17. Rhe1 Bxe5 18. dxe5 Nd5 19. Qa3 c5 20. Qg3 c4 21. Re4 Rc8 22. h4 h5 23. Qa3 Qb7 24. f3 b5 25. Bb4 Rc6 26. Rxd5 exd5 27. Bd6+ Ka8 28. Rd4 Ra6 29. Qc5 Rxa2 30. Kb1 Ra4 31. Bf8 Rh6 32. Rxd5 Qc6 33. Qd4 c3 34. b4 Qc4 35. Rd8+ Kb7 36. Rd7+ Kc8 37. Rd8+ Kb7 38. Rd7+ Kc6 39. Rd6+ Rxd6 40. Qxd6+ Kb7 41. Qd7+ Ka6 42. Qd6+ Kb7 43. Qd7+ Kb8 44. Qe8+ Kc7 45. Qe7+ Kb6 46. Qd8+ Qc7 47. Bc5+ Kc6 48. Qa8+ Qb7 49. Qe8+ Qd7 50. Qa8+ Kc7 51. Bd6+ Kb6 52. Qd5 Rxb4+ 53. Kc1 Rc4 54. Kd1 Qb7 55. Qd3 Qc6 56. Ke2 a5 57. Qe3+ Ka6 58. Qg5 Qd5 59. Qd8 b4 0-1

[Event "Warsaw Przepiorka Memorial"]
[Site "Warsaw"]
[Date "2019.12.29"]
[Round "5"]
[White "Czerwonski, Aleksander"]
[Black "Bukojemski, Adam"]
[Result "1-0"]
[WhiteElo "2358"]
[BlackElo "2219"]
[PlyCount "49"]
[EventDate "2019.12.27"]
[EventType "swiss"]
[EventRounds "9"]
[EventCountry "POL"]
[SourceTitle "CBM 194 Extra"]
[Source "ChessBase"]
[SourceDate "2020.03.31"]
[SourceVersion "1"]
[SourceVersionDate "2020.03.31"]
[SourceQuality "1"]

1. d4 Nf6 2. c4 g6 3. Nc3 d5 4. cxd5 Nxd5 5. Bd2 Bg7 6. e4 Nb6 7. Be3 0-0 8. h3 Nc6 9. Nf3 e5 10. d5 Ne7 11. Be2 Bd7 12. Qb3 Qb8 13. h4 c6 14. Bc5 Bf6 15. h5 Re8 16. hxg6 hxg6 17. Rd1 cxd5 18. exd5 Bf5 19. g4 Bxg4 20. Ne4 Bg7 21. Nfg5 Bxe2 22. Kxe2 Nf5 23. Qh3 Re7 24. Nf6+ Kf8 25. Ngh7# 1-0

[Event "Warsaw Przepiorka Memorial"]
[Site "Warsaw"]
[Date "2019.12.28"]
[Round "4"]
[White "Bukojemski, Adam"]
[Black "Niekras, Dawid"]
[Result "1-0"]
[WhiteElo "2219"]
[BlackElo "2331"]
[PlyCount "81"]
[EventDate "2019.12.27"]
[EventType "swiss"]
[EventRounds "9"]
[EventCountry "POL"]
[SourceTitle "CBM 194 Extra"]
[Source "ChessBase"]
[SourceDate "2020.03.31"]
[SourceVersion "1"]
[SourceVersionDate "2020.03.31"]
[SourceQuality "1"]

1. e4 c5 2. Nf3 d6 3. d4 cxd4 4. Qxd4 Nc6 5. Qe3 g6 6. Bb5 Bg7 7. 0-0 Nf6 8. h3 0-0 9. Rd1 Nd7 10. Na3 Qc7 11. Bf1 a6 12. Rb1 b5 13. c4 b4 14. Nc2 Nc5 15. Nfd4 Nxd4 16. Nxd4 Bb7 17. f3 Be5 18. Qe1 Qb6 19. Be3 e6 20. Nb3 a5 21. Qf2 Qc7 22. Nxc5 dxc5 23. f4 Bg7 24. e5 f6 25. Bxc5 fxe5 26. Bxf8 Rxf8 27. Qe3 e4 28. Qd2 Qc5+ 29. Kh1 e3 30. Qd7 Bc8 31. Qd6 Qh5 32. Re1 Bh6 33. Be2 Qh4 34. Bg4 Bxf4 35. Bxe6+ Kg7 36. Qd4+ Kh6 37. Rxe3 Rd8 38. Bd5 Bf5 39. Rf1 Kg5 40. Ref3 Bg3 41. Qe3+ 1-0

[Event "Warsaw Przepiorka Memorial"]
[Site "Warsaw"]
[Date "2019.12.28"]
[Round "3"]
[White "Goraj, Barbara"]
[Black "Bukojemski, Adam"]
[Result "0-1"]
[WhiteElo "2044"]
[BlackElo "2219"]
[PlyCount "108"]
[EventDate "2019.12.27"]
[EventType "swiss"]
[EventRounds "9"]
[EventCountry "POL"]
[SourceTitle "CBM 194 Extra"]
[Source "ChessBase"]
[SourceDate "2020.03.31"]
[SourceVersion "1"]
[SourceVersionDate "2020.03.31"]
[SourceQuality "1"]

1. e4 c5 2. Nf3 e6 3. d4 cxd4 4. Nxd4 Nf6 5. Nc3 d6 6. Be2 Be7 7. 0-0 Bd7 8. Be3 Nc6 9. Nb3 0-0 10. f4 a5 11. a4 Nb4 12. Bf3 e5 13. Nb5 Bxb5 14. axb5 a4 15. Nc1 exf4 16. Bd4 Qd7 17. c3 Qxb5 18. cxb4 Qxb4 19. Ne2 g5 20. Nc3 Rfc8 21. Be2 b5 22. Kh1 Rab8 23. Nd5 Nxd5 24. exd5 Bf8 25. Bc3 Qc5 26. Qd4 Qxd4 27. Bxd4 Bg7 28. Bxg7 Kxg7 29. Rac1 Re8 30. Bf3 Re3 31. Kg1 Rb3 32. Rf2 Re8 33. Kf1 f5 34. Bd1 Rd3 35. Bf3 Ree3 36. Re1 Kf6 37. h3 Ke5 38. Rfe2 b4 39. Kf2 Kd4 40. Rc1 Rxe2+ 41. Bxe2 Rb3 42. Rd1+ Ke5 43. Rd2 a3 44. bxa3 bxa3 45. Bc4 Rb2 46. Rxb2 axb2 47. Ba2 h5 48. Ke2 g4 49. h4 f3+ 50. gxf3 Kf4 51. fxg4 fxg4 52. Kf2 g3+ 53. Kg2 Kg4 54. Bb1 Kxh4 0-1

[Event "London Chess Classic blitz Knockout"]
[Site "London"]
[Date "2019.12.08"]
[Round "1.2"]
[White "Bukojemski, Adam"]
[Black "McPhillips, Joseph"]
[Result "1/2-1/2"]
[WhiteElo "2219"]
[BlackElo "2434"]
[PlyCount "72"]
[EventDate "2019.12.08"]
[EventType "k.o. (blitz)"]
[EventRounds "5"]
[EventCountry "ENG"]
[SourceTitle "CBM 195 Extra"]
[Source "ChessBase"]
[SourceDate "2020.05.31"]
[SourceVersion "1"]
[SourceVersionDate "2020.05.31"]
[SourceQuality "1"]

1. Nf3 Nf6 2. Nc3 e6 3. g3 d5 4. d3 Be7 5. Bg2 0-0 6. 0-0 c5 7. e4 Nc6 8. e5 Nd7 9. Bf4 g5 10. Bd2 Ndxe5 11. Nxe5 Nxe5 12. Qh5 Ng6 13. Rae1 f5 14. f4 gxf4 15. Ne2 fxg3 16. hxg3 Bf6 17. c3 Bd7 18. Bh6 Bg7 19. Bxg7 Kxg7 20. Kf2 h6 21. Nf4 Qg5 22. Qxg5 hxg5 23. Nxe6+ Bxe6 24. Rxe6 Rad8 25. Rfe1 Rf6 26. Re8 Rfd6 27. R1e2 Kf7 28. Rxd8 Rxd8 29. Bf3 b6 30. d4 cxd4 31. cxd4 f4 32. Rc2 fxg3+ 33. Kxg3 Rd7 34. Kg4 Nf4 35. Kxg5 Ne6+ 36. Kg4 Nxd4 1/2-1/2

[Event "London Chess Classic: Blitz C"]
[Site "London"]
[Date "2019.12.08"]
[Round "4"]
[White "Stamatopoulos, Apostolos"]
[Black "Bukojemski, Adam"]
[Result "0-1"]
[WhiteElo "1923"]
[BlackElo "2241"]
[PlyCount "132"]
[EventDate "2019.12.08"]
[EventType "swiss (blitz)"]
[EventRounds "11"]
[EventCountry "ENG"]
[SourceTitle "EXT 2021"]
[Source "ChessBase"]
[SourceDate "2020.10.23"]
[SourceVersion "1"]
[SourceVersionDate "2020.10.23"]
[SourceQuality "1"]

1. d4 Nf6 2. Nf3 g6 3. c4 Bg7 4. Bf4 c5 5. e3 0-0 6. Nc3 d6 7. h3 b6 8. Be2 Bb7 9. 0-0 Nbd7 10. d5 a6 11. Qc2 Re8 12. Rad1 Ra7 13. a3 Ba8 14. Rfe1 Nf8 15. Bh2 Rd7 16. e4 e5 17. dxe6 Nxe6 18. Nd5 Nxd5 19. exd5 Nc7 20. h4 Rde7 21. Bd3 b5 22. b3 Bb7 23. h5 Bc8 24. hxg6 hxg6 25. Bg3 Bg4 26. Rxe7 Qxe7 27. Re1 Qf6 28. Rxe8+ Nxe8 29. Qe2 Nc7 30. cxb5 axb5 31. Bxb5 Nxd5 32. Bc4 Ne7 33. Bh4 Qxh4 34. Nxh4 Bxe2 35. Bxe2 d5 36. a4 Bc3 37. Nf3 Nc6 38. Bb5 Na5 39. Kf1 Nxb3 40. Ke2 Na5 41. Kd3 Bf6 42. Nd2 Kf8 43. Nb1 Ke7 44. Nc3 Kd6 45. Be8 c4+ 46. Kc2 Bxc3 47. Kxc3 Kc5 48. Bxf7 g5 49. g3 d4+ 50. Kc2 Kb4 51. Be8 Nb7 52. Bc6 Nc5 53. Bd5 Nxa4 54. f4 gxf4 55. gxf4 Nc5 56. f5 Nd7 57. Be6 Nf6 58. Bf7 Kc5 59. Be6 Ng4 60. Kd2 c3+ 61. Kc2 Ne5 62. f6 Kb4 63. f7 d3+ 64. Kd1 c2+ 65. Kd2 Nf3+ 66. Kc1 Kc3 0-1

[Event "London Classic op 11th"]
[Site "London"]
[Date "2019.12.05"]
[Round "8"]
[White "Bukojemski, Adam"]
[Black "Zujev, Oleg"]
[Result "0-1"]
[WhiteElo "2211"]
[BlackElo "2316"]
[PlyCount "71"]
[EventDate "2019.11.29"]
[EventType "swiss"]
[EventRounds "9"]
[EventCountry "ENG"]
[SourceTitle "CBM 193 Extra"]
[Source "ChessBase"]
[SourceDate "2020.01.31"]
[SourceVersion "1"]
[SourceVersionDate "2020.01.31"]
[SourceQuality "1"]

1. e4 c6 2. Nf3 d5 3. Nc3 Bg4 4. h3 Bxf3 5. Qxf3 e6 6. g3 d4 7. Ne2 Nd7 8. Bg2 Qb6 9. Qb3 Qxb3 10. axb3 d3 11. Nc3 Nc5 12. b4 Na6 13. Na2 dxc2 14. d4 Nxb4 15. Ke2 Nf6 16. Be3 Nxa2 17. Rxa2 Be7 18. g4 h6 19. b3 0-0 20. Rxc2 Rfd8 21. f4 Rd7 22. Bf3 Ne8 23. h4 Nc7 24. g5 Nb5 25. gxh6 gxh6 26. Kd3 Nxd4 27. Bxd4 Rad8 28. Rg2+ Kf8 29. Kc2 Rxd4 30. Rhg1 Bf6 31. e5 Bxh4 32. Rg8+ Ke7 33. R8g4 Bf2 34. Rh1 Rd2+ 35. Kb1 R8d3 36. Be4 0-1

[Event "London Classic op 11th"]
[Site "London"]
[Date "2019.11.30"]
[Round "2"]
[White "Lovell, William Pm"]
[Black "Bukojemski, Adam"]
[Result "0-1"]
[WhiteElo "1843"]
[BlackElo "2211"]
[PlyCount "50"]
[EventDate "2019.11.29"]
[EventType "swiss"]
[EventRounds "9"]
[EventCountry "ENG"]
[SourceTitle "CBM 193 Extra"]
[Source "ChessBase"]
[SourceDate "2020.01.31"]
[SourceVersion "1"]
[SourceVersionDate "2020.01.31"]
[SourceQuality "1"]

1. c4 Nf6 2. g3 e5 3. Bg2 Nc6 4. b3 d5 5. d3 Bb4+ 6. Bd2 Be7 7. Bc3 a5 8. Nd2 a4 9. Ngf3 d4 10. Bb2 a3 11. Bc1 Bb4 12. 0-0 0-0 13. Ne4 Nxe4 14. dxe4 Bc3 15. Rb1 Bg4 16. Bd2 Bxf3 17. Bxf3 Nb4 18. Bxc3 dxc3 19. Ra1 Qxd1 20. Rfxd1 Rfd8 21. Rdc1 Rd2 22. Rxc3 Rxa2 23. Rd1 Rb2 24. Rcc1 a2 25. Kg2 g6 0-1

[Event "Suwalki Warakomska Memorial op 3rd"]
[Site "Suwalki"]
[Date "2019.08.11"]
[Round "8"]
[White "Bukojemski, Adam"]
[Black "Lis, Mateusz"]
[Result "1/2-1/2"]
[WhiteElo "2225"]
[BlackElo "2079"]
[PlyCount "73"]
[EventDate "2019.08.05"]
[EventType "swiss"]
[EventRounds "9"]
[EventCountry "POL"]
[SourceTitle "CBM 191 Extra"]
[Source "ChessBase"]
[SourceDate "2019.09.30"]
[SourceVersion "1"]
[SourceVersionDate "2019.09.30"]
[SourceQuality "1"]

1. e4 c5 2. Nf3 e6 3. d4 cxd4 4. Nxd4 Nc6 5. c4 Nf6 6. Nc3 Bb4 7. Nxc6 bxc6 8. Bd3 d5 9. cxd5 exd5 10. exd5 Nxd5 11. 0-0 Nxc3 12. bxc3 Be7 13. Qc2 h6 14. Rd1 Qc7 15. Qa4 Bd6 16. Qe4+ Be6 17. Be3 Kf8 18. h3 Bd5 19. Qa4 Bh2+ 20. Kf1 g6 21. c4 Be6 22. Rab1 Kg7 23. Qa6 Bc8 24. Qa3 Be6 25. Qa6 Bc8 26. Qa3 Be6 27. Be2 Bf4 28. Bc5 Bf5 29. Bd4+ Be5 30. Qg3 Rhe8 31. Bxe5+ Qxe5 32. Qxe5+ Rxe5 33. Rb7 a5 34. g4 Be6 35. Rd6 Re8 36. Ra7 h5 37. Rc7 1/2-1/2

[Event "Suwalki Warakomska Memorial op 3rd"]
[Site "Suwalki"]
[Date "2019.08.07"]
[Round "3"]
[White "Bachor, Tomasz"]
[Black "Bukojemski, Adam"]
[Result "1-0"]
[WhiteElo "2027"]
[BlackElo "2225"]
[PlyCount "65"]
[EventDate "2019.08.05"]
[EventType "swiss"]
[EventRounds "9"]
[EventCountry "POL"]
[SourceTitle "CBM 191 Extra"]
[Source "ChessBase"]
[SourceDate "2019.09.30"]
[SourceVersion "1"]
[SourceVersionDate "2019.09.30"]
[SourceQuality "1"]

1. d4 Nf6 2. c4 d5 3. Nc3 e6 4. cxd5 exd5 5. Bg5 c6 6. e3 Nbd7 7. Bd3 h6 8. Bh4 Qb6 9. Qc2 g5 10. Bg3 Nh5 11. Nge2 Nxg3 12. Nxg3 Nf6 13. 0-0 Be6 14. Na4 Qc7 15. Nc5 0-0-0 16. b4 h5 17. b5 h4 18. Nf5 Ng4 19. f4 gxf4 20. exf4 Kb8 21. Rf3 cxb5 22. Rc1 Bxc5 23. dxc5 d4 24. Nd6 Ne3 25. Qb2 Rhg8 26. Nxb5 Qc6 27. Rxe3 dxe3 28. Qe5+ Ka8 29. Nc7+ Kb8 30. Nxe6+ Kc8 31. Be4 e2 32. Bxc6 Rd1+ 33. Kf2 1-0

[Event "Suwalki Warakomska Memorial op 3rd"]
[Site "Suwalki"]
[Date "2019.08.07"]
[Round "4"]
[White "Bukojemski, Adam"]
[Black "Dmochowska, Agnieszka"]
[Result "1-0"]
[WhiteElo "2225"]
[BlackElo "2126"]
[PlyCount "71"]
[EventDate "2019.08.05"]
[EventType "swiss"]
[EventRounds "9"]
[EventCountry "POL"]
[SourceTitle "CBM 191 Extra"]
[Source "ChessBase"]
[SourceDate "2019.09.30"]
[SourceVersion "1"]
[SourceVersionDate "2019.09.30"]
[SourceQuality "1"]

1. e4 c5 2. Nf3 Nc6 3. d4 cxd4 4. Nxd4 e5 5. Nb5 d6 6. N1c3 a6 7. Na3 b5 8. Nd5 Nge7 9. c4 Nd4 10. Be3 Nxd5 11. cxd5 g6 12. Bxd4 exd4 13. Qxd4 f6 14. Bd3 Bg7 15. f4 0-0 16. f5 gxf5 17. exf5 Qa5+ 18. Kd1 Bh6 19. Nb1 Bb7 20. Re1 Rac8 21. Nc3 b4 22. Ne4 b3 23. Nc3 Rc5 24. Ke2 Qc7 25. axb3 Qg7 26. Kf1 Kh8 27. Re2 a5 28. Rae1 Rg8 29. g3 Qg5 30. Re6 Qh5 31. Kg2 Bc8 32. Rxd6 Rc7 33. Qe4 Bd2 34. Re2 Bxc3 35. bxc3 Rxc3 36. Qd4 1-0

[Event "Suwalki Warakomska Memorial op 3rd"]
[Site "Suwalki"]
[Date "2019.08.06"]
[Round "2"]
[White "Bukojemski, Adam"]
[Black "Bommini, Mounika Akshaya"]
[Result "1/2-1/2"]
[WhiteElo "2225"]
[BlackElo "2050"]
[PlyCount "134"]
[EventDate "2019.08.05"]
[EventType "swiss"]
[EventRounds "9"]
[EventCountry "POL"]
[SourceTitle "CBM 191 Extra"]
[Source "ChessBase"]
[SourceDate "2019.09.30"]
[SourceVersion "1"]
[SourceVersionDate "2019.09.30"]
[SourceQuality "1"]

1. e4 e5 2. Nf3 Nc6 3. Bc4 Nf6 4. d3 Be7 5. 0-0 0-0 6. Re1 d6 7. a4 Na5 8. Ba2 c5 9. Nbd2 Nc6 10. c3 Be6 11. Nf1 h6 12. Ng3 Re8 13. Bb1 Bf8 14. d4 cxd4 15. cxd4 Bg4 16. d5 Nd4 17. Be3 Nxf3+ 18. gxf3 Bh3 19. Kh1 g6 20. a5 h5 21. Rg1 Kh7 22. Ne2 Be7 23. Qb3 Qd7 24. Bd3 a6 25. Ra4 Rac8 26. Rb4 Rc7 27. Bb6 Rcc8 28. Be3 Rc7 29. Rc1 Rec8 30. Rxc7 Rxc7 31. Nc3 h4 32. Qa4 Qxa4 33. Nxa4 Nh5 34. Rc4 Rxc4 35. Bxc4 g5 36. b4 Nf4 37. Kg1 Bd7 38. Nb6 Be8 39. Nc8 Bf8 40. Na7 Kg6 41. Bb6 Ba4 42. b5 axb5 43. Bxb5 Bd1 44. Be3 Bxf3 45. Bxf4 gxf4 46. Bc6 bxc6 47. dxc6 Bxe4 48. c7 Bb7 49. c8Q Bxc8 50. Nxc8 d5 51. a6 Bc5 52. a7 Bxa7 53. Nxa7 Kf5 54. f3 Ke6 55. Nb5 Kd7 56. Kf2 Kc6 57. Na3 h3 58. Ke2 Kc5 59. Kd3 f5 60. Nc2 d4 61. Na1 Kd5 62. Nb3 e4+ 63. Kd2 Kc4 64. Na5+ Kd5 65. Nb3 Kc4 66. Na5+ Kd5 67. Nb3 Kc4 1/2-1/2

[Event "Basingstoke 4NCL Spring Bank 2nd"]
[Site "Basingstoke"]
[Date "2019.05.26"]
[Round "4"]
[White "Seymour, Timothy P"]
[Black "Bukojemski, Adam"]
[Result "0-1"]
[WhiteElo "2130"]
[BlackElo "2182"]
[PlyCount "106"]
[EventDate "2019.05.24"]
[EventType "swiss"]
[EventRounds "7"]
[EventCountry "ENG"]
[SourceTitle "CBM 190 Extra"]
[Source "ChessBase"]
[SourceDate "2019.07.15"]
[SourceVersion "1"]
[SourceVersionDate "2019.07.15"]
[SourceQuality "1"]

1. d4 Nf6 2. Nf3 d6 3. c4 Bg4 4. Qd3 Nbd7 5. Nbd2 e5 6. e4 exd4 7. Qxd4 Qe7 8. Bd3 Ne5 9. Bc2 g6 10. 0-0 Bg7 11. Qe3 0-0 12. Nxe5 dxe5 13. c5 Nd7 14. b4 a5 15. bxa5 Qxc5 16. Qxc5 Nxc5 17. Ba3 Rfd8 18. Nc4 Be2 19. Bxc5 Bxc4 20. Rfd1 Rxd1+ 21. Rxd1 Bf8 22. Be3 Rxa5 23. Bb3 Bxb3 24. axb3 Ra3 25. Rb1 Bb4 26. Bh6 f6 27. h4 Kf7 28. Rd1 Ke7 29. Rd3 Bc5 30. Rc3 b6 31. g4 Kd7 32. g5 fxg5 33. Bxg5 Bd4 34. Rd3 c5 35. Rf3 Ke8 36. Kg2 b5 37. Bc1 Ra2 38. Be3 Ra7 39. h5 gxh5 40. Kh3 Bxe3 41. Rxe3 Ke7 42. Kh4 Kd6 43. Rd3+ Ke6 44. Kxh5 c4 45. bxc4 bxc4 46. Rc3 Rc7 47. Kg4 Kd6 48. f4 Kc5 49. fxe5 Kd4 50. Rc1 Kxe5 51. Kf3 c3 52. Ke3 c2 53. Kd3 h5 0-1

[Event "Basingstoke 4NCL Spring Bank 2nd"]
[Site "Basingstoke"]
[Date "2019.05.25"]
[Round "3"]
[White "Bukojemski, Adam"]
[Black "Siddharth, Jagadeesh"]
[Result "1-0"]
[WhiteElo "2182"]
[BlackElo "2282"]
[PlyCount "119"]
[EventDate "2019.05.24"]
[EventType "swiss"]
[EventRounds "7"]
[EventCountry "ENG"]
[SourceTitle "CBM 190 Extra"]
[Source "ChessBase"]
[SourceDate "2019.07.15"]
[SourceVersion "1"]
[SourceVersionDate "2019.07.15"]
[SourceQuality "1"]

1. e4 c5 2. Nf3 Nc6 3. d4 cxd4 4. Nxd4 Nf6 5. Nc3 e5 6. Ndb5 d6 7. a4 a6 8. Na3 Be6 9. Bg5 Be7 10. Nc4 Nd4 11. Bxf6 Bxf6 12. Nd5 Bxd5 13. exd5 Nf5 14. a5 Rc8 15. Ra3 0-0 16. Rb3 Qe7 17. c3 Rc5 18. Be2 Qc7 19. 0-0 Rxc4 20. Bxc4 Qxc4 21. Rxb7 Ne7 22. Qb3 Qe4 23. Rb4 Qd3 24. Qd1 Qf5 25. Qb1 Qc8 26. Qd3 Qc5 27. Qxa6 Qxd5 28. Qb5 Qa8 29. a6 Nd5 30. Rc4 Rb8 31. Qc6 Nb6 32. Qxa8 Rxa8 33. Rc6 Rxa6 34. Rxd6 Be7 35. Rc6 Bd8 36. Rd1 Ra8 37. Kf1 Kf8 38. Rxd8+ Rxd8 39. Rxb6 Rd2 40. Rb7 Rc2 41. g4 g6 42. g5 e4 43. Rb4 e3 44. fxe3 Rxh2 45. c4 Rc2 46. b3 Ke7 47. Rb6 Kf8 48. Rb7 Kg7 49. Rb5 Kf8 50. c5 Ke7 51. b4 Ke6 52. Rb7 Rc4 53. Ke2 Rg4 54. c6 Rxg5 55. b5 Rc5 56. c7 Kd7 57. b6 Rc2+ 58. Kf3 h5 59. Rb8 h4 60. Rd8+ 1-0

[Event "BCF-chT2b 1819 (4NCL)"]
[Site "England"]
[Date "2019.02.10"]
[Round "6.65"]
[White "Bukojemski, Adam"]
[Black "Willson, Ollie"]
[Result "1/2-1/2"]
[WhiteElo "2174"]
[BlackElo "2155"]
[PlyCount "103"]
[EventDate "2018.11.10"]
[EventType "team-tourn"]
[EventRounds "11"]
[EventCountry "ENG"]
[SourceTitle "EXT 2021"]
[Source "ChessBase"]
[SourceDate "2020.10.23"]
[SourceVersion "1"]
[SourceVersionDate "2020.10.23"]
[SourceQuality "1"]
[WhiteTeam "Cambridge University"]
[BlackTeam "Sussex Martlets"]
[WhiteTeamCountry "ENG"]
[BlackTeamCountry "ENG"]

1. e4 Nf6 2. Nc3 d5 3. e5 d4 4. exf6 dxc3 5. fxg7 cxd2+ 6. Bxd2 Bxg7 7. c3 Nc6 8. Nf3 Qd5 9. Be3 Qxd1+ 10. Rxd1 Be6 11. Bb5 Bxa2 12. Nd4 Bxd4 13. Rxd4 a6 14. Bxc6+ bxc6 15. 0-0 f6 16. Ra1 Bd5 17. c4 e5 18. Rh4 Be6 19. f4 e4 20. f5 Bxf5 21. Rf4 Bg6 22. Rxf6 Kd7 23. Rd1+ Kc8 24. Rxc6 Kb7 25. Rc5 Rhd8 26. Re1 Rd6 27. h4 Rc6 28. Rg5 Rxc4 29. h5 Be8 30. g4 Bd7 31. Rg7 Kc6 32. Rf1 Be6 33. Rf6 Kd5 34. Rg5+ Kd6 35. Rh6 Rf8 36. Rf5 Rg8 37. g5 Rg7 38. Ra5 Rc6 39. Bd4 Rf7 40. Bc3 Kd7 41. g6 hxg6 42. hxg6 Rf4 43. Rg5 Rd6 44. g7 Rd1+ 45. Kg2 Rff1 46. Bd4 Bc4 47. Be3 Rf3 48. Rg3 Rxg3+ 49. Kxg3 Rd6 50. Rxd6+ cxd6 51. Kf4 Bd5 52. g8Q 1/2-1/2

[Event "Krakow op-A 29th"]
[Site "Krakow"]
[Date "2018.12.29"]
[Round "3"]
[White "Bukojemski, Adam"]
[Black "Vojtek, Vladimir"]
[Result "0-1"]
[WhiteElo "2218"]
[BlackElo "2313"]
[PlyCount "138"]
[EventDate "2018.12.27"]
[EventType "swiss"]
[EventRounds "9"]
[EventCountry "POL"]
[SourceTitle "CBM 188 Extra"]
[Source "ChessBase"]
[SourceDate "2019.02.26"]
[SourceVersion "1"]
[SourceVersionDate "2019.02.26"]
[SourceQuality "1"]

1. c4 e6 2. Nf3 d5 3. e3 Nf6 4. b3 c5 5. Bb2 Nc6 6. Be2 Be7 7. 0-0 d4 8. exd4 cxd4 9. d3 0-0 10. Na3 e5 11. Nc2 Qc7 12. a3 a5 13. Rb1 Bf5 14. b4 axb4 15. axb4 b6 16. Nh4 Bc8 17. f4 Nxb4 18. fxe5 Qxe5 19. Nf3 Qc7 20. Nxb4 Bxb4 21. Nxd4 Bc5 22. Kh1 Bd7 23. Nf5 Bxf5 24. Rxf5 Qd7 25. Rf4 Be3 26. Rh4 Qe7 27. Bf3 Rad8 28. Qe2 Bc5 29. d4 Qxe2 30. Bxe2 Rfe8 31. Bf1 Bd6 32. Rh3 Ne4 33. Kg1 Nd2 34. Ra1 Rc8 35. Rc3 g6 36. Rd1 Nxf1 37. Rxf1 Re2 38. Bc1 Bb4 39. Re3 Rxe3 40. Bxe3 Rxc4 41. Rf6 Bc3 42. Rxb6 Bxd4 43. Bxd4 Rxd4 44. Kf2 h5 45. Kf3 Kg7 46. Rb7 g5 47. h3 Kg6 48. Rb6+ f6 49. Ra6 Rd3+ 50. Ke2 Rb3 51. Ra5 g4 52. hxg4 hxg4 53. Kf2 g3+ 54. Ke2 f5 55. Ra6+ Kg5 56. Ra8 Kg4 57. Ra4+ f4 58. Ra2 f3+ 59. gxf3+ Rxf3 60. Ra8 Rf2+ 61. Ke1 Kh3 62. Rh8+ Kg2 63. Rg8 Rf7 64. Re8 Kg1 65. Ke2 g2 66. Re6 Rh7 67. Rg6 Re7+ 68. Kf3 Kf1 69. Rxg2 Rf7+ 0-1

[Event "London Classic op 10th"]
[Site "London"]
[Date "2018.12.15"]
[Round "8"]
[White "Bukojemski, Adam"]
[Black "Flear, Christine"]
[Result "1-0"]
[WhiteElo "2218"]
[BlackElo "2055"]
[PlyCount "67"]
[EventDate "2018.12.09"]
[EventType "swiss"]
[EventRounds "9"]
[EventCountry "ENG"]
[SourceTitle "CBM 187 Extra"]
[Source "ChessBase"]
[SourceDate "2018.11.04"]
[SourceVersion "1"]
[SourceVersionDate "2018.11.04"]
[SourceQuality "1"]

1. e4 c5 2. Nf3 g6 3. Nc3 Bg7 4. g3 Nc6 5. Bg2 d6 6. d3 Rb8 7. Nd5 e6 8. Ne3 b5 9. 0-0 Qb6 10. Nd2 Nge7 11. a4 a6 12. axb5 axb5 13. c3 0-0 14. Qe2 Bd7 15. f4 f5 16. h4 Qc7 17. Nf3 fxe4 18. dxe4 c4 19. Rd1 Na5 20. Rxa5 Qxa5 21. Rxd6 Bc8 22. Bh3 Qa1 23. Ne5 b4 24. cxb4 Rxb4 25. Qc2 Bxe5 26. fxe5 Rb3 27. Kh2 Qa7 28. Ng4 Qc5 29. Bh6 Nf5 30. exf5 exf5 31. Nf6+ Kf7 32. Bf1 Qxe5 33. Qxc4+ Be6 34. Qc7+ 1-0